| 000 | 00929cab a2200265 4500 | ||
|---|---|---|---|
| 001 | ABS56776 | ||
| 008 | 090401t1997 xxu||||| |||| 00| 0 eng d | ||
| 035 | _a(Sirsi) u77185 | ||
| 041 | _aeng | ||
| 100 | _aRumble, P. | ||
| 245 | _aBuilding costs and the Red Book | ||
| 260 | _c1997 | ||
| 350 | _a0 | ||
| 490 |
_aCSM (Chartered Surveyor Monthly) _v6(6) March 1997, 44-45(2) |
||
| 520 | _aA worked example of insurance reinstatement cost assessment for inclusion in a valuation. Prepared by the BCIS as part of a series of worked examples reflecting the requirements of the new Red Book. (See also ABS56103) | ||
| 650 | _aASSET VALUATION | ||
| 650 | _aBCIS | ||
| 650 | _aBUILT ENVIRONMENT-BUILDING COSTS | ||
| 650 | _aINSURANCE REINSTATEMENT | ||
| 650 | _aRICS APPRAISAL AND VALUATION MANUAL | ||
| 650 | _aREINSTATEMENT COST ASSESSMENT | ||
| 690 | _aRATING AND VALUATION | ||
| 942 | _n0 | ||
| 948 | _c18/03/1997 | ||
| 999 |
_c48512 _d48512 |
||